| 000 | 00792nam a22002057a 4500 | ||
|---|---|---|---|
| 999 |
_c8326 _d8326 |
||
| 003 | AR-CdUCM | ||
| 008 | 190322b ||||| |||| 00| 0 spa d | ||
| 040 |
_aMUNICIPALIDAD PROVINCIAL DEL CUSCO _cBIBLIOTECA MUNICIPAL DEL CUSCO |
||
| 082 |
_a373.33 / _bB96 |
||
| 100 |
_aBustos A., Heriberto _923374 |
||
| 245 | _aPara que el mundo no muera: ¡Eduquemos! | ||
| 260 |
_aCusco _bCentro Andino de Investigación pedagógica _c1995 |
||
| 300 |
_a154 páginas ; _c21 cm. |
||
| 505 | _aContenido : El ambiente en el mundo -- La vida en nuestras manos -- Mirando nuestros potenciales -- Problemas ambientales en el Perú --Problemas ambientales a nivel regional... | ||
| 650 |
_aEducación _9460 |
||
| 650 |
_aPerú _92178 |
||
| 650 |
_aEcología _94960 |
||
| 942 |
_2ddc _cLIBROS |
||
| 945 | _admma | ||